• 首页
  • 本馆介绍
  • 公告通知
  • 最新文献
  • 馆藏检索
  • 电子资源
  • 读者导购
  • 参考咨询
  • 我的图书馆
  • 登录
  • 详细信息显示
  • 放入我的书架
  • 预约/预借图书
  • 作者相关作品
  • 分类相关作品
  • 丛书相关作品
  • 出版社相关作品

书目信息

  • 表格格式
  • 工作单格式
  • 卡片格式
题名:
问路集
    
 
作者: 林庚 著
分册:  
出版信息: 北京   北京大学出版社  1984
页数: 285页
开本: 21cm
丛书名:
单 册:
中图分类: I227 , I22
科图分类:
主题词: 诗歌--中国--现代--选集 , 诗歌--中国 , 韵文--中国
电子资源:
ISBN:
000 00681nam0 2200277 45
001 0184008857
005 20040417133051.8
010    @dCNY1.40
091    @a10209.64
100    @a19950522d1984 em y0chiy0121 ea
101 0  @achi
102    @aCN@b110000
105    @ac z 000gy
106    @ar
200 10 @a问路集@Awen lu ji@f林庚著
210    @a北京@c北京大学出版社@d1984
215    @a285页@c照片@d21cm
606    @a诗歌@y中国@z现代@x选集
606 0  @a诗歌@x中国
606 0  @a韵文@x中国
690    @aI227@v3
690    @aI22
701  0 @a林庚@Alin geng@4著
801  0 @aCN@b上海图书馆@c20040417
801  2 @aCN@bNLC@c20040417
905    @f2@b200291-292@dI22@e301
    
    问路集/林庚著.-北京:北京大学出版社,1984
    285页:照片;21cm
    
    
    ISBN :CNY1.40
    
●
相关链接 在E读中查询图书 在五车中查询图书 在当当中查询图书 在豆瓣中查询图书


正题名:问路集     索取号:I22/301         预约/预借

序号 登录号 条形码 馆藏地/架位号 状态 备注
1 0200291   000756952   第二借阅区/ [索取号:I22/301] 在馆    
2 0200292   000756943   密集书库/ [索取号:I22/301] 在馆    
唐山师范学院图书馆 欢迎您!
大连网信软件有限公司© 版权所有